[Event "Regionalliga SO 1112"]
[Site "Bayern"]
[Date "2012.02.26"]
[Round "7.5"]
[White "Stadler, Alexander"]
[Black "Renner, Adrian"]
[Result "1/2-1/2"]
[WhiteElo "1991"]
[BlackElo "1873"]
[PlyCount "138"]
[EventDate "2011.10.02"]
[EventType "team-tourn"]
[EventRounds "9"]
[EventCountry "GER"]
[SourceTitle "EXT 2015"]
[Source "ChessBase"]
[SourceDate "2014.11.20"]
[SourceVersion "1"]
[SourceVersionDate "2014.11.20"]
[SourceQuality "1"]
[WhiteTeam "Deggendorf"]
[BlackTeam "Pang/Rosenheim II"]
[WhiteTeamCountry "GER"]
[BlackTeamCountry "GER"]

1. e4 c5 2. c3 d5 3. exd5 Qxd5 4. d4 Nc6 5. dxc5 Qxc5 6. Nf3 Bg4 7. Be3 Qa5 8. Be2 Nf6 9. Qb3 Qc7 10. Ng5 e5 11. Na3 Bxe2 12. Kxe2 Bxa3 13. Qxa3 h6 14. Nf3 0-0-0 15. Rad1 Nd5 16. Qa4 Rhe8 17. g3 Kb8 18. Bxa7+ Nxa7 19. Rxd5 Rxd5 20. Qxe8+ Nc8 21. Nd2 Rd8 22. Qa4 Qd6 23. Rd1 Qd3+ 24. Ke1 Nb6 25. Qe4 Qd6 26. Qf3 Qe6 27. Nb3 Rxd1+ 28. Qxd1 Qc6 29. f3 Nc4 30. Na5 Nxa5 31. Qd8+ Qc8 32. Qxa5 Qf5 33. Qd8+ Ka7 34. Ke2 f6 35. Qd3 Qh3 36. Qe3+ Ka8 37. Qf2 Qf5 38. a3 Qc2+ 39. Kf1 Qd3+ 40. Qe2 Qd5 41. Kg2 Qd7 42. Qc2 f5 43. b4 e4 44. fxe4 fxe4 45. Qxe4 Qd2+ 46. Kh3 Qf2 47. Qf4 Qe2 48. Qf8+ Ka7 49. c4 g5 50. Qc5+ Ka8 51. Qa5+ Kb8 52. Qd8+ Ka7 53. Qd4+ Ka8 54. c5 Qf1+ 55. Kg4 Qe2+ 56. Kf5 Qxh2 57. b5 Qxg3 58. a4 Qh3+ 59. Kg6 Qe6+ 60. Kh7 Kb8 61. c6 bxc6 62. Qb6+ Kc8 63. bxc6 Qe7+ 64. Kxh6 g4 65. Qa6+ Kb8 66. Qb5+ Kc8 67. Qf5+ Kc7 68. Qxg4 Qf6+ 69. Kh5 Qh8+ 1/2-1/2

[Event "Regionalliga SO 1011"]
[Site "Bayern"]
[Date "2010.11.14"]
[Round "3.6"]
[White "Renner, Adrian"]
[Black "Krauss, Andreas"]
[Result "0-1"]
[WhiteElo "1879"]
[BlackElo "1907"]
[PlyCount "76"]
[EventDate "2010.10.10"]
[EventType "team-tourn"]
[EventRounds "9"]
[EventCountry "GER"]
[SourceTitle "EXT 2012"]
[Source "ChessBase"]
[SourceDate "2011.11.24"]
[SourceVersion "1"]
[SourceVersionDate "2011.11.24"]
[SourceQuality "1"]
[WhiteTeam "Pang/Rosenheim II"]
[BlackTeam "Deggendorf"]
[WhiteTeamCountry "GER"]
[BlackTeamCountry "GER"]

1. Nc3 d5 2. e4 dxe4 3. Nxe4 Bf5 4. Ng3 Bg6 5. d4 e6 6. Nf3 Nd7 7. Bd3 Ngf6 8. h4 c5 9. h5 Bxd3 10. Qxd3 h6 11. b3 Be7 12. Bb2 0-0 13. Ne2 Qc7 14. Ne5 Rfd8 15. Qf3 cxd4 16. Nxd7 Rxd7 17. Nxd4 Qe5+ 18. Qe2 Qxe2+ 19. Kxe2 Rad8 20. Rad1 Bc5 21. c3 e5 22. Nf3 Rxd1 23. Rxd1 Rxd1 24. Kxd1 Bxf2 25. Nxe5 Nxh5 26. Ke2 Bc5 27. c4 f5 28. a3 Nf4+ 29. Kf3 Ne6 30. b4 Bd4 31. Bxd4 Nxd4+ 32. Ke3 Ne6 33. c5 g5 34. c6 b5 35. Nf3 Kf7 36. g3 Ke7 37. Ne5 h5 38. Nf3 Kd6 0-1

[Event "Regionalliga SO 0910"]
[Site "Bayern"]
[Date "2010.02.28"]
[Round "7.7"]
[White "Thome, Volker"]
[Black "Renner, Adrian"]
[Result "1/2-1/2"]
[WhiteElo "1978"]
[BlackElo "1893"]
[PlyCount "40"]
[EventDate "2009.10.18"]
[EventType "team-tourn"]
[EventRounds "9"]
[EventCountry "GER"]
[SourceTitle "EXT 2011"]
[Source "ChessBase"]
[SourceDate "2010.11.26"]
[SourceVersion "1"]
[SourceVersionDate "2010.11.26"]
[SourceQuality "1"]
[WhiteTeam "Trostberg"]
[BlackTeam "Pang/Rosenheim II"]
[WhiteTeamCountry "GER"]
[BlackTeamCountry "GER"]

1. d4 Nf6 2. Nf3 d5 3. e3 c6 4. c4 a6 5. Qb3 b5 6. cxb5 cxb5 7. Nc3 e6 8. Bd2 Bd6 9. Bd3 Bb7 10. Rc1 Nc6 11. Na4 Na5 12. Qc3 Nc4 13. Nc5 Qe7 14. b3 Nxd2 15. Qxd2 Ne4 16. Qb4 0-0 17. 0-0 Rfc8 18. Bxe4 dxe4 19. Nd2 Rc7 20. Qc3 Bd5 1/2-1/2

[Event "GER-chT U20"]
[Site "Kelbra"]
[Date "2006.12.29"]
[Round "6.6"]
[White "Renner, Adrian"]
[Black "Welke, Vincent"]
[Result "1-0"]
[WhiteElo "1815"]
[BlackElo "1588"]
[PlyCount "45"]
[EventDate "2006.12.27"]
[EventType "team-swiss"]
[EventRounds "7"]
[EventCountry "GER"]
[SourceTitle "EXT 2008"]
[Source "ChessBase"]
[SourceDate "2007.11.25"]
[SourceVersion "1"]
[SourceVersionDate "2007.11.25"]
[SourceQuality "1"]
[WhiteTeam "Pang/Rosenheim U20"]
[BlackTeam "Mainz Schott U20"]
[WhiteTeamCountry "GER"]
[BlackTeamCountry "GER"]

1. e4 c5 2. Nf3 e6 3. d4 cxd4 4. Nxd4 a6 5. Bd3 Bc5 6. Nb3 Ba7 7. c4 Nc6 8. Nc3 d6 9. 0-0 Qh4 10. Qe2 Nf6 11. Be3 Ng4 12. h3 Nxe3 13. fxe3 Ne5 14. Nd4 Qg5 15. Rae1 Nxd3 16. Qxd3 0-0 17. Nf3 Qc5 18. a3 Rd8 19. e5 d5 20. Ng5 g6 21. Rxf7 Qxc4 22. Qxc4 dxc4 23. Nce4 1-0

[Event "GER-chT U20"]
[Site "Kelbra"]
[Date "2006.12.29"]
[Round "5.6"]
[White "Wolf, Carolin"]
[Black "Renner, Adrian"]
[Result "0-1"]
[WhiteElo "1542"]
[BlackElo "1815"]
[PlyCount "80"]
[EventDate "2006.12.27"]
[EventType "team-swiss"]
[EventRounds "7"]
[EventCountry "GER"]
[SourceTitle "EXT 2008"]
[Source "ChessBase"]
[SourceDate "2007.11.25"]
[SourceVersion "1"]
[SourceVersionDate "2007.11.25"]
[SourceQuality "1"]
[WhiteTeam "Ruedersdorf U20"]
[BlackTeam "Pang/Rosenheim U20"]
[WhiteTeamCountry "GER"]
[BlackTeamCountry "GER"]

1. e4 c5 2. d4 cxd4 3. c3 dxc3 4. Nxc3 Nc6 5. Nf3 e6 6. Bc4 Qc7 7. 0-0 Nf6 8. Qe2 Ng4 9. Rd1 Bc5 10. Nb5 Qb8 11. Be3 Nxe3 12. fxe3 a6 13. Nbd4 b5 14. Bb3 Bb7 15. Rac1 Qa7 16. Kh1 0-0 17. a3 Rfd8 18. Ba2 Rac8 19. b4 Bb6 20. Qe1 Qb8 21. Rd2 Ne5 22. Bb1 Rxc1 23. Qxc1 Rc8 24. Qe1 Nc4 25. Ra2 Rc7 26. e5 Qc8 27. Bd3 Nxe5 28. Bc2 Nxf3 29. gxf3 Bxd4 30. Bxh7+ Kxh7 31. Qh4+ Kg8 32. exd4 Bxf3+ 33. Kg1 Rc1+ 34. Kf2 Bd5 35. Re2 Rc2 36. Rxc2 Qxc2+ 37. Ke3 Qc3+ 38. Kf2 Qd2+ 39. Kf1 Bc4+ 40. Kg1 Qe3+ 0-1

[Event "GER-chT U16"]
[Site "Burg Stargard"]
[Date "2002.12.28"]
[Round "3.2"]
[White "Renner, Adrian"]
[Black "Dueck, Stefan"]
[Result "1-0"]
[WhiteElo "1622"]
[BlackElo "1759"]
[PlyCount "93"]
[EventDate "2002.12.27"]
[EventType "team-tourn"]
[EventRounds "7"]
[EventCountry "GER"]
[SourceTitle "CBM 092 Extra"]
[Source "ChessBase"]
[SourceDate "2003.03.07"]
[SourceVersion "1"]
[SourceVersionDate "2003.03.07"]
[SourceQuality "1"]

1. e4 e6 2. d4 d5 3. Nc3 Bb4 4. e5 c5 5. Qg4 cxd4 6. Qxg7 dxc3 7. b3 Qh4 8. Bd3 f5 9. Qxh8 Kf8 10. Nf3 Qh5 11. Ng5 h6 12. Nh7+ Kf7 13. Nf6 Nxf6 14. Qxf6+ Ke8 15. Bxh6 Kd7 16. h4 Be7 17. Qg7 Nc6 18. Be2 Qe8 19. Bg5 a6 20. a3 b6 21. h5 Bb7 22. h6 Qh8 23. Qxh8 Rxh8 24. Bxe7 Kxe7 25. f4 Nd4 26. Rc1 Nxe2 27. Kxe2 Kf7 28. Rh5 a5 29. h7 d4 30. Rd1 Ba6+ 31. Ke1 d3 32. cxd3 c2 33. Rc1 Bxd3 34. Kd2 Be4 35. Rxc2 Bxc2 36. Kxc2 Kg6 37. Rh3 Rxh7 38. Rxh7 Kxh7 39. Kc3 Kg6 40. Kc4 Kh5 41. Kb5 Kg4 42. Kc6 Kxf4 43. Kd6 Kg4 44. Kxe6 f4 45. Kd5 Kg3 46. Ke4 Kxg2 47. Kxf4 1-0

[Event "DSSM WK2"]
[Site "Husum"]
[Date "2002.05.13"]
[Round "7.4"]
[White "Renner, Adrian"]
[Black "Sonntag, Hermann"]
[Result "1-0"]
[WhiteElo "1608"]
[BlackElo "1623"]
[PlyCount "47"]
[EventDate "2002.05.10"]
[EventType "team-tourn"]
[EventRounds "7"]
[EventCountry "GER"]
[SourceTitle "CBM 088 Extra"]
[Source "ChessBase"]
[SourceDate "2002.07.01"]
[SourceVersion "2"]
[SourceVersionDate "2002.07.01"]
[SourceQuality "1"]

1. e4 e6 2. d4 d5 3. Nc3 Bb4 4. e5 c5 5. Qg4 Ne7 6. dxc5 Bxc3+ 7. bxc3 Nf5 8. Bd3 g6 9. Nf3 Nc6 10. 0-0 Qa5 11. Bxf5 exf5 12. Qh4 h6 13. Bg5 Qxc3 14. Bf6 Rg8 15. Qxh6 Qxc5 16. Qh7 Qf8 17. Rab1 b6 18. Rfd1 Be6 19. Rb3 Na5 20. Rc3 Nc4 21. Nd4 Rc8 22. Nb5 a6 23. Rxc4 dxc4 24. Nc7+ 1-0

[Event "GER-chT U16"]
[Site "Bensdorf"]
[Date "2001.12.27"]
[Round "2.3"]
[White "Renner, Adrian"]
[Black "Rudnik, Kirill"]
[Result "1-0"]
[WhiteElo "1566"]
[BlackElo "1652"]
[PlyCount "79"]
[EventDate "2001.12.??"]
[EventType "team-tourn"]
[EventRounds "7"]
[EventCountry "GER"]
[SourceTitle "EXT 2003"]
[Source "ChessBase"]
[SourceDate "2002.11.25"]
[SourceVersion "1"]
[SourceVersionDate "2002.11.25"]
[SourceQuality "1"]

1. e4 e5 2. Nf3 Nc6 3. Bc4 Bc5 4. c3 Qe7 5. 0-0 d6 6. d4 Bb6 7. h3 Nf6 8. Re1 h6 9. Na3 0-0 10. Nc2 Bd7 11. Ne3 Kh8 12. d5 Nb8 13. Bd3 a6 14. Nf1 Nh5 15. Be3 Bxe3 16. Nxe3 Nf4 17. Bf1 Bc8 18. Kh2 g6 19. g3 Nh5 20. Qd2 Kh7 21. Bg2 Nd7 22. Nh4 Ndf6 23. Qc2 Ng7 24. Rf1 Nfh5 25. Rae1 Bd7 26. c4 Kg8 27. b3 f5 28. Nxg6 Qg5 29. Nxf8 Rxf8 30. exf5 Bxf5 31. Nxf5 Nxf5 32. Re4 Nf6 33. Ree1 Nh5 34. Qc1 Qg7 35. Qd2 Nfxg3 36. fxg3 Qxg3+ 37. Kh1 Nf4 38. Rg1 Kh8 39. Be4 Qxh3+ 40. Qh2 1-0

[Event "GER-chT U16"]
[Site "Bensdorf"]
[Date "2001.01.01"]
[Round "4.2"]
[White "Dietzsch, Christian"]
[Black "Renner, Adrian"]
[Result "1/2-1/2"]
[WhiteElo "1705"]
[BlackElo "1566"]
[PlyCount "60"]
[EventDate "2001.12.??"]
[EventType "team-tourn"]
[EventRounds "7"]
[EventCountry "GER"]
[SourceTitle "EXT 2003"]
[Source "ChessBase"]
[SourceDate "2002.11.25"]
[SourceVersion "1"]
[SourceVersionDate "2002.11.25"]
[SourceQuality "1"]

1. e4 c5 2. Nf3 e6 3. d4 cxd4 4. Nxd4 Qb6 5. Nb3 Qc7 6. Nc3 a6 7. Be3 b5 8. a3 Bb7 9. Bd3 d6 10. 0-0 Nd7 11. f4 Ngf6 12. Qe2 Be7 13. Rae1 0-0 14. f5 e5 15. Qf3 Rfd8 16. g4 d5 17. exd5 Nb6 18. g5 Nfxd5 19. Ne4 Nxe3 20. Qxe3 Nd5 21. Qg3 Bf8 22. g6 hxg6 23. fxg6 Qb6+ 24. Rf2 fxg6 25. Qxe5 Re8 26. Qg3 Bd6 27. Qh4 Rf8 28. Ref1 Rxf2 29. Qxf2 Qxf2+ 30. Rxf2 Bf4 1/2-1/2